| 000 | 00702cam a2200253 a 4500 | ||
|---|---|---|---|
| 999 |
_c3248 _d3248 |
||
| 001 | 25204697 | ||
| 003 | OCoLC | ||
| 005 | 20181107174335.0 | ||
| 008 | 920115s1992 nyu 000 0 eng | ||
| 010 | _a92000186 | ||
| 020 | _a0800792009 (pbk.) : | ||
| 040 |
_aDLC _cDLC _dATH |
||
| 050 | 0 | 0 |
_aBV4501.2 _b.W5199 1992 |
| 050 | 0 | 0 |
_aBV4501.2 _b.W5199 1992 |
| 082 |
_a248.4 _bW681H |
||
| 100 | 1 |
_aWilkerson, David, _d1931-2011. |
|
| 245 | 1 | 0 |
_aHungry for more of Jesus / _cDavid Wilkerson. |
| 260 |
_aTarrytown, N.Y. : _bChosen Books, _cc1992. |
||
| 300 |
_a221 p. ; _c23 cm. |
||
| 600 | 0 | 0 |
_aJesus Christ _xPerson and offices. |
| 650 | 0 | _aChristian life. | |
| 650 | 0 | _aConsolation. | |
| 942 |
_2ddc _cBK |
||